000 00332nam a2200121Ia 4500
008 151001s9999||||xx |||||||||||||| ||und||
100 _aparsons Anthony
245 4 _aThe Man who backed out
250 _a1
260 _bThe amalgated Press
300 _a64
365 _b7
999 _c950052
_d950049